Asamiya charit puthi aru jiwani sahitya (Record no. 9443)

MARC details
000 -LEADER
fixed length control field 00597cam a2200229ua 4500
001 - CONTROL NUMBER
control field 10467
005 - DATE AND TIME OF LATEST TRANSACTION
control field 20260515114627.0
008 - FIXED-LENGTH DATA ELEMENTS--GENERAL INFORMATION
fixed length control field 190226n ii |||gr||||Z||||||asm
020 ## - INTERNATIONAL STANDARD BOOK NUMBER
International Standard Book Number 9788186384459
040 ## - CATALOGING SOURCE
Transcribing agency MAIN
041 ## - LANGUAGE CODE
Language code of text/sound track or separate title asm
082 ## - DEWEY DECIMAL CLASSIFICATION NUMBER
Classification number 891.4514
100 ## - MAIN ENTRY--PERSONAL NAME
Personal name Madhab Bora,
Relator term Author.
245 ## - TITLE STATEMENT
Title Asamiya charit puthi aru jiwani sahitya
Remainder of title ek tulonamulok adhyayan
250 ## - EDITION STATEMENT
Edition statement 1st ed.
260 ## - PUBLICATION, DISTRIBUTION, ETC.
Place of publication, distribution, etc. Guwahati:
Name of publisher, distributor, etc. Assam publishing company,
Date of publication, distribution, etc. 2014.
300 ## - PHYSICAL DESCRIPTION
Extent 252p.
653 ## - INDEX TERM--UNCONTROLLED
Uncontrolled term Assamese literture
653 ## - INDEX TERM--UNCONTROLLED
Uncontrolled term Biographical literature
653 ## - INDEX TERM--UNCONTROLLED
Uncontrolled term Jibani sahitya
942 ## - ADDED ENTRY ELEMENTS (KOHA)
Koha item type Books
Holdings
Withdrawn status Lost status Damaged status Not for loan Home library Current library Shelving location Date acquired Total checkouts Full call number Barcode Date last seen Copy number Price effective from Koha item type
        Naharkatiya College Library Naharkatiya College Library General stacks 09/19/2020   891.4514Assamese literture | BOR 24419 09/19/2020 1 09/19/2020 Books
        Naharkatiya College Library Naharkatiya College Library General stacks 09/19/2020   891.4514Assamese literture | BOR 24420 09/19/2020 2 09/19/2020 Books